Turbomachines (Record no. 6341)

000 -LEADER
fixed length control field 00565nam a2200205 i 4500
001 - CONTROL NUMBER
control field 6341
003 - CONTROL NUMBER IDENTIFIER
control field BD-DhUET
008 - FIXED-LENGTH DATA ELEMENTS--GENERAL INFORMATION
fixed length control field 800825s1981 nyua b 001 0 eng
020 ## - INTERNATIONAL STANDARD BOOK NUMBER
International Standard Book Number 0471060364
040 ## - CATALOGING SOURCE
Original cataloging agency DLC
Transcribing agency DLC
Modifying agency BD-DhUET
082 ## - DEWEY DECIMAL CLASSIFICATION NUMBER
Classification number 621.165
Item number BAL/1981
100 1# - MAIN ENTRY--PERSONAL NAME
Personal name Balje, O. E.
245 10 - TITLE STATEMENT
Title Turbomachines
Remainder of title a guide to design selection and theory
Statement of responsibility, etc. by O. E. Balje
250 ## - EDITION STATEMENT
Edition statement 1st ed.
260 ## - PUBLICATION, DISTRIBUTION, ETC. (IMPRINT)
Place of publication, distribution, etc. New York
Name of publisher, distributor, etc. John Wiley and Sons
Date of publication, distribution, etc. 1981
300 ## - PHYSICAL DESCRIPTION
Extent x, 513 p.
Other physical details ill.
Dimensions 24 cm.
504 ## - BIBLIOGRAPHY, ETC. NOTE
Bibliography, etc Includes bibliographies
650 #0 - SUBJECT ADDED ENTRY--TOPICAL TERM
Topical term or geographic name as entry element Turbomachines
942 ## - ADDED ENTRY ELEMENTS (KOHA)
Koha item type General Book
Holdings
Koha item type Piece designation (barcode) Withdrawn status Source of classification or shelving scheme Koha date last seen Shelving location Koha normalized classification for sorting Sublocation or collection (holding branch) Damaged status Price effective from Location (home branch) Koha full call number Date acquired Copy number Not for loan Lost status
General Book61480  2014-12-02Circulation section621_000000000000000_165BAL1981Central Library, BUET 2014-12-02Central Library, BUET621.165/BAL/19812014-12-021  
General Book61485  2015-04-26Circulation section621_165000000000000_BAL1981Central Library, BUET 2014-12-07Central Library, BUET621.165 /BAL/19812014-12-079  
General Book61482  2014-12-07Circulation section621_165000000000000_BAL1981Central Library, BUET 2014-12-07Central Library, BUET621.165 /BAL/19812014-12-076  
General Book61486  2014-12-07Circulation section621_165000000000000_BAL1981Central Library, BUET 2014-12-07Central Library, BUET621.165 /BAL/19812014-12-0710  
General Book61479  2014-12-07Circulation section621_165000000000000_BAL1981Central Library, BUET 2014-12-07Central Library, BUET621.165 /BAL/19812014-12-073  
General Book61481  2014-12-07Circulation section621_165000000000000_BAL1981Central Library, BUET 2014-12-07Central Library, BUET621.165 /BAL/19812014-12-075  
General Book61484  2014-12-07Circulation section621_165000000000000_BAL1981Central Library, BUET 2014-12-07Central Library, BUET621.165 /BAL/19812014-12-078  
General Book61478  2014-12-07Circulation section621_165000000000000_BAL1981Central Library, BUET 2014-12-07Central Library, BUET621.165 /BAL/19812014-12-072  
General Book61477  2015-04-23Circulation section621_165000000000000_BAL_1981Central Library, BUET 2015-04-23Central Library, BUET621.165/BAL/19812015-04-2311